| 000 | 00518nam a2200181Ia 4500 | ||
|---|---|---|---|
| 999 |
_c14395 _d14395 |
||
| 003 | OSt | ||
| 005 | 20201016142959.0 | ||
| 008 | 190216s9999||||xx |||||||||||||| ||und|| | ||
| 020 | _a9780141008325 | ||
| 040 | _coclc | ||
| 082 |
_a599.938 _bWEL/J |
||
| 100 |
_aWells, Spencer _95832 |
||
| 245 | 4 |
_aThe Journey Of Man A Genetic Odyssey / _cSpencer Wells |
|
| 260 |
_bPenguin Books , _aLondon: _c2003. |
||
| 300 | _a224p | ||
| 650 | _aEnglish | ||
| 942 |
_cBK _2ddc _h599.938 _iWEL/J _k599.938 _mWEL/J |
||